| 000 | 00000nam##2200000za#4500 |
| 001 | 9.579062 |
| 003 | CaOODSP |
| 005 | 20230131161133 |
| 007 | cr ||||||||||| |
| 008 | 150406|2003||||xxc|||||o f|0| 0 eng|d |
| 040 | |aCaOODSP|beng |
| 043 | |an-cn--- |
| 086 | 1 |aM48-2047AE-PDF |
| 110 | 2 |aGeological Survey of Canada. |
| 245 | 10|aSurficial geology, Crooks Inlet, Baffin Island, Nunavut / |h[electronic resource]|cauthor, D.A. Hodgson. |
| 255 | |aScale 1:100,000 |
| 260 | |aOttawa - Ontario : |bNatural Resources Canada. |cc2003. |
| 300 | |a1p.|bcoloured map, references |
| 490 | 1 |a"A" series map|v2047A |
| 500 | |aAccompanies Bulletin 582, "Quaternary geology of western Meta Incognita Peninsula and Iqaluit area, Baffin Island, Nunavut" (Cat. number M42-582E-PDF). |
| 590 | |a14-05-Supp|b2014-02-26 |
| 720 | 1 |aHodgson, D. A. |
| 776 | 0#|tSurficial geology, Crooks Inlet, Baffin Island, Nunavut / |w(CaOODSP)9.616687 |
| 830 | #0|aGeological Survey of Canada, "A" series map ;|v2047A|w(CaOODSP)9.507196 |
| 856 | 40|ahttp://publications.gc.ca|qPDF|s7.26 MB|uhttps://publications.gc.ca/Collection-R/GSC-CGC/M42E/582/b582_a2047.pdf|y2047A |